Kluby z Ekstraklasy w sezonie 24/25 - Statystyki

Ogólne statystyki
  • Ten quiz został rozwiązany 36 razy
  • Średni wynik to 16 z 18
Statystyki odpowiedzi
Klub % Poprawnych
Jagiellonia Białystok
100%
Lechia Gdańsk
100%
Lech Poznań
100%
Legia Warszawa
100%
Raków Częstochowa
100%
Śląsk Wrocław
96%
Puszcza Niepołomice
93%
Cracovia
89%
Górnik Zabrze
89%
Motor Lublin
89%
Pogoń Szczecin
89%
GKS Katowice
85%
Widzew Łódź
85%
Korona Kielce
81%
Zagłębie Lubin
81%
Radomiak Radom
74%
Piast Gliwice
70%
Stal Mielec
63%
Nie znaleziono quizów pasujących do podanych kryteriów
Rozkład punktacji
Procent ludzi z każdym wynikiem
Percentyl według liczby udzielonych odpowiedzi
Twoja historia wyników
Nie rozwiązałeś tego quizu